| 000 | 00433nam a2200157Ia 4500 | ||
|---|---|---|---|
| 008 | 240729s9999 xx 000 0 und d | ||
| 022 | _a2602-3717 | ||
| 245 | 0 | _aJournal of Pedagogical Research | |
| 260 | _aTürkiye | ||
| 260 | _bJournal of Pedagogical Research | ||
| 650 | _a Education (General) | ||
| 650 | _aEducation | ||
| 856 | _uhttps://doaj.org/toc/b910fb9799bd4290a65a8f5ca96e5ad5 | ||
| 942 | _2ddc | ||
| 942 | _cDOAJEJ | ||
| 999 |
_c72993 _d72993 |
||
| 945 |
_a1 _bMadushi Gamage _c1 _dMadushi Gamage |
||